Biblioteca

The apostolic fathers / Simon Tugwell (Registro nro. 45872)

Detalles MARC
000 -LÍDER
Campo fijo de descripción fija 007100000a22002050004500
020 ## - NÚMERO INTERNACIONAL NORMALIZADO PARA LIBROS
Número Internacional Normalizado del libro 0-225-66539-5
082 04 - NÚMERO DE CLASIFICACIÓN DECIMAL DEWEY
Número de clasificación G 270.1 T915a
001 - NÚMERO DE CONTROL
Campo de control 19508
100 1# - ASIENTO PRINCIPAL--NOMBRE PERSONAL
Nombre personal Tugwell, Simon
245 10 - TÍTULO
Título del Material The apostolic fathers / Simon Tugwell
260 ## - PUBLICACIÓN, DISTRIBUCIÓN, ETC. (PIE DE IMPRENTA)
Lugar de publicación, distribución, etc. London : Geoffrey Chapman
300 ## - DESCRIPCIÓN FÍSICA
Extensión 148 páginas
336 ## - CONTENT TYPE
Content type term texto
Content type code txt
Source rdacontent
337 ## - MEDIA TYPE
Source rdamedia
Media type term sin mediación
Media type code n
338 ## - CARRIER TYPE
Source rdacarrier
Carrier type term volumen
Carrier type code nc
501 ## - NOTA DE “CON”
Nota de Contenido Rústico
505 00 - NOTA DE CONTENIDO
Nota de contenido con formato preestablecido La carta de Bernabé - Las visiones de Hermas - Los mandamientos y las parábolas de Hermas - Clemente de Roma - Ignacio de Antioquia - Policarpo - La "segunda carta de Clemente"
650 14 - ASIENTO SECUNDARIO DE MATERIA - TERMINO TEMÁTICO
Término temático o nombre geográfico como elemento de entrada Padres apostólicos \ Padres de la iglesia
942 ## - TIPO DE MATERIAL (KOHA)
Tipo de Item KOHA Libros General
Existencias
Estado de Material Estado de Perdido Estado de Dañado No para Préstamo Colección Tomo Biblioteca de Origen Biblioteca Permanente Fecha de Adquisición Total de Préstamos Signatura Topográfica Código de Barras Última vez visto Última vez Préstado Ejemplar/Existencia Fecha de Remplazo Tipo de Material
        Colección General   Biblioteca FUSBC Biblioteca FUSBC 21/04/2015 1 G 270.1 T915a 19558 29/10/2022 28/10/2022 1 26/01/2016 Libros General

Biblioteca FUSBC | Teléfono: (57+4) 349 88 10 Ext. 141| WhatsApp (+57) 3005338115 
E-mail: biblioteca@unisbc.edu.co | Calle 76 87-14 Robledo Palenque, Medellín, Colombia

Con tecnología Koha